NCAA Basketball Logos - Statistics

General Stats
  • This quiz has been taken 744 times
    306 since last reset
  • The average score is 198 of 364
Answer Stats
Picture Answer % Correct
Alabama
96%
Air Force
94%
Akron
88%
Arizona
86%
Arkansas
83%
Arizona State
82%
Auburn
82%
Baylor
82%
Army
80%
Belmont
80%
Bryant
80%
BYU
80%
Alabama A&M
78%
Alcorn State
78%
Bellarmine
78%
Boise State
78%
Boston College
78%
Bucknell
78%
California
77%
Binghamton
76%
Charleston
76%
Clemson
76%
Duke
76%
Ball State
75%
Boston University
75%
Bowling Green
75%
Colorado
75%
Appalachian State
74%
Cincinnati
74%
Arkansas State
73%
Brown
73%
Cleveland State
73%
Colorado State
73%
Florida
73%
Georgia
72%
Buffalo
71%
Alabama State
70%
Charleston Southern
70%
Creighton
70%
Dayton
70%
Drexel
70%
Florida State
70%
George Washington
70%
Georgia Tech
70%
Illinois
70%
Indiana
70%
Kentucky
70%
Miami
70%
Sam Houston
70%
Butler
69%
Detroit Mercy
69%
Elon
69%
Georgia Southern
69%
Harvard
69%
Houston
69%
Illinois State
69%
Iowa
69%
Kansas
69%
LSU
69%
Marquette
69%
Michigan
69%
Navy
69%
New Mexico
69%
Saint Mary's
69%
East Carolina
68%
Georgetown
68%
Iowa State
68%
Jacksonville
68%
Kent State
68%
Lafayette
68%
Lamar
68%
Maine
68%
Maryland
68%
Michigan State
68%
Mississippi State
68%
Missouri
68%
Nevada
68%
North Carolina
68%
Ohio
68%
Stephen F. Austin
68%
Abilene Christian
67%
Central Michigan
67%
Charlotte
67%
Coastal Carolina
67%
Colgate
67%
Drake
67%
Florida Atlantic
67%
Gonzaga
67%
Hawai'i
67%
Hofstra
67%
Kansas State
67%
Le Moyne
67%
Little Rock
67%
Nebraska
67%
North Carolina State
67%
Ohio State
67%
Oregon
67%
American University
66%
Hampton
66%
Iona
66%
Jacksonville State
66%
Kansas City
66%
Louisiana
66%
Louisville
66%
Memphis
66%
Monmouth
66%
New Mexico State
66%
New Orleans
66%
Delaware
65%
Indiana State
65%
La Salle
65%
Louisiana Tech
65%
Marist
65%
Mercyhurst
65%
Minnesota
65%
Notre Dame
65%
Oklahoma
65%
Oklahoma State
65%
Penn State
65%
Austin Peay
64%
Dartmouth
64%
Georgia State
64%
Mississippi Valley State
64%
Morgan State
64%
Norfolk State
64%
North Dakota
64%
Northeastern
64%
North Florida
64%
Ole Miss
64%
Cal Poly
63%
Cornell
63%
DePaul
63%
Eastern Michigan
63%
Furman
63%
Kennesaw State
63%
Liberty
63%
Marshall
63%
Massachusetts
63%
Northwestern
63%
Old Dominion
63%
Oregon State
63%
Canisius
62%
Eastern Washington
62%
Florida Gulf Coast
62%
Florida International
62%
Fresno State
62%
Grambling
62%
High Point
62%
Long Island
62%
Miami OH
62%
North Dakota State
62%
Pittsburgh
62%
South Carolina
62%
Fordham
61%
Grand Canyon
61%
Green Bay
61%
Holy Cross
61%
Princeton
61%
Purdue
61%
Chattanooga
60%
Duquesne
60%
George Mason
60%
Idaho
60%
Pennsylvania
60%
Samford
60%
Southern
60%
Texas
60%
Farleigh Dickinson
59%
Middle Tennessee
59%
Missouri State
59%
Montana
59%
North Texas
59%
Rutgers
59%
San Diego
59%
San Diego State
59%
Siena
59%
Arkansas Pine-Bluff
58%
Florida A&M
58%
Jackson State
58%
Richmond
58%
SMU
58%
McNeese
57%
Northern Illinois
57%
Providence
57%
Rhode Island
57%
South Florida
57%
Stanford
57%
Tennessee
57%
Montana State
56%
Murray State
56%
Oral Roberts
56%
Rice
56%
Syracuse
56%
Texas Tech
56%
Bradley
55%
Howard
55%
Lehigh
55%
San Francisco
55%
South Dakota
55%
Southern Indiana
55%
St. John's
55%
Texas A&M
55%
Idaho State
54%
Loyola Chicago
54%
Northern Kentucky
54%
Omaha
54%
Bethune-Cookman
53%
Campbell
53%
Delaware State
53%
Northern Iowa
53%
Rider
53%
Saint Louis
53%
San Jose State
53%
South Dakota State
53%
Tulane
53%
UCLA
53%
Columbia
52%
Seton Hall
52%
TCU
52%
Temple
52%
Tennessee Tech
52%
Tulsa
52%
Central Connecticut
51%
Denver
51%
Lipscomb
51%
Pepperdine
51%
Portland
51%
Portland State
51%
Toledo
51%
UConn
51%
Utah
51%
James Madison
50%
Northern Arizona
50%
Saint Peter's
50%
Tennessee State
50%
Towson
50%
Texas State
49%
Troy
49%
USC
49%
Utah State
49%
Long Beach State
48%
Mercer
48%
Oakland
48%
South Alabama
48%
UCF
48%
Gardner-Webb
47%
Robert Morris
47%
Sacramento State
47%
UAB
47%
UNLV
47%
Central Arkansas
46%
East Tennessee State
46%
Morehead State
46%
South Carolina State
46%
Southern Miss
46%
UMass Lowell
46%
Eastern Illinois
45%
Evansville
45%
Nicholls
45%
NJIT
45%
North Carolina A&T
45%
Utah Tech
45%
Villanova
45%
Virginia
45%
Washington
45%
UMBC
44%
UTEP
44%
Vanderbilt
44%
California Baptist
43%
Merrimack
43%
Virginia Tech
43%
Washington State
43%
Chicago State
42%
Fairfield
42%
Mount St. Mary's
42%
The Citadel
42%
UNC Greensboro
42%
Vermont
42%
Wake Forest
42%
Cal State Fullerton
41%
Incarnate Word
41%
Manhattan
41%
Presbyterian
41%
Santa Clara
41%
VCU
41%
Weber State
41%
Wisconsin
41%
Yale
41%
Loyola Marymount
40%
Xavier
40%
Houston Christian
39%
Southern Illinois
39%
Western Kentucky
39%
West Virginia
39%
Wyoming
39%
Coppin State
38%
Eastern Kentucky
38%
Lindenwood
38%
Longwood
38%
Northern Colorado
38%
Pacific
38%
Saint Joseph's
38%
Stetson
38%
Texas Southern
38%
New Hampshire
37%
UC Irvine
37%
Wright State
37%
Purdue Fort Wayne
36%
Radford
36%
Prairie View A&M
35%
Sacred Heart
35%
UTSA
35%
Wichita State
35%
Davidson
34%
North Alabama
34%
South Carolina Upstate
34%
Tarleton State
34%
Wofford
34%
Northwestern State
33%
Stony Brook
33%
UC Santa Barbara
33%
William & Mary
33%
Youngstown State
33%
Loyola Maryland
32%
North Carolina Central
32%
Texas A&M Corpus Christi
32%
Valparaiso
32%
Cal State Bakersfield
31%
Seattle U
31%
UC Riverside
31%
UC San Diego
31%
UIC
31%
Western Michigan
31%
Winthrop
31%
Quinnipiac
30%
UNC Wilmington
30%
Saint Bonaventure
29%
East Texas A&M
28%
Niagara
28%
VMI
28%
Cal State Northridge
27%
Southeast Missouri State
27%
Stonehill
27%
UC Davis
27%
Southern Utah
26%
UAlbany
26%
UT Martin
25%
Wagner
24%
UNC Asheville
23%
Queen's University
22%
Western Illinois
22%
Maryland Eastern Shore
21%
SIU Edwardsville
21%
Utah Valley
20%
UT Arlington
19%
UT Rio Grande Valley
18%
Western Carolina
18%
West Georgia
18%
Milwaukee
17%
Southeastern Louisiana
17%
IU Indianapolis
16%
UL Monroe
16%
St. Thomas Minnesota
10%
St. Francis (PA)
9%
No matching quizzes found
Score Distribution
Percent of People with Each Score
Percentile by Number Answered
Your Score History
You have not taken this quiz since the last reset